000 00878cab a2200241 4500
001 WB2533-06
008 090401t1989 xxu||||| |||| 00| 0 eng d
035 _a(Sirsi) u23786
041 _aeng
245 _aDry summer claims first victim
260 _c1989
350 _a0
490 _aBuilding
_vvol 254 no 7612, 25/8/89 p7
490 _aArchitects` Journal
_vvol 190 no 8/9 23/30/8/89 p7
520 _aRush & Tompkins has started a four-month programme of repair on floor cracks at Gateshead `s Metrocentre . The huge shopping centre and leisure complex was built on reclaimed land and the area affected was built on clay .
650 _aBUILT ENVIRONMENT-BUILDING ELEMENTS-COMPLETE BUILDING ELEMENTS-FOUNDATIONS
650 _aSHRINKAGE
650 _aSUBSIDENCE
650 _aTYNE AND WEAR
690 _aBUILT ENVIRONMENT
942 _n0
948 _c04/03/1997
999 _c15925
_d15925